000 00663cam a22002293a 4500
001 31896
003 PGUSA
005 20140828083706.0
008 100406s2010||||xxu|||||s|||||000 p eng d
040 _aPGUSA
_beng
042 _adc
050 4 _aPS
100 1 _aCawein, Madison Julius,
_d1865-1914
245 1 0 _aIdyllic Monologues :
_bOld and New World Verses
_h[electronic resource] /
_cMadison Julius Cawein
260 _bProject Gutenberg,
_c2010
506 _aPublic domain in the USA.
516 _aElectronic text
653 _aAmerican poetry
830 0 _aProject Gutenberg
_v31896
856 4 0 _uhttp://www.gutenberg.org/ebooks/31896
942 _cEB
999 _c261151
_d261151